|
|
|
|
| LEADER |
00000nab a2200000 ar4500 |
| 001 |
vtls008413784 |
| 003 |
SK-MaSNL |
| 005 |
20260303070229.0 |
| 008 |
051206c2002 xo |||||||ab ||| b|slo |
| 015 |
|
|
|a SNBRA2005/12
|2 snkbucl
|
| 038 |
|
|
|a SNKBUCL
|
| 040 |
|
|
|a SNKBUCL
|b slo
|c SNKBUCL
|e AACR2
|
| 041 |
0 |
|
|a slo
|
| 044 |
|
|
|a xo
|c SK
|
| 080 |
|
|
|a 94(437.6)-051
|x "18"
|2 UDC-MRF-SK2
|
| 080 |
|
|
|a 179.8
|2 UDC-MRF-SK2
|
| 100 |
1 |
|
|a Holec, Roman,
|d 1959-
|4 aut
|9 101521
|
| 245 |
1 |
0 |
|a "Neresti" slovenských národovcov spred sto rokov
|c Roman Holec
|
| 504 |
|
|
|a Bibliogr. odkazy a pozn.
|
| 648 |
|
7 |
|a 19. stor.
|2 snkbucl
|9 278793
|
| 650 |
0 |
7 |
|a slovenskí národovci
|y 19. stor.
|x neresti
|2 snkbucl
|9 1067369
|
| 650 |
0 |
7 |
|a každodenný život
|2 snkbucl
|9 4946
|
| 650 |
0 |
7 |
|a neresti
|2 snkbucl
|9 81808
|
| 655 |
|
7 |
|a štúdie
|2 snkbucl
|9 57033
|
| 773 |
0 |
|
|t Historické štúdie. 42
|d Bratislava : Slovenská akadémia vied, 2002
|g S. 173-187
|z 8022407208
|
| 852 |
|
|
|a SNK
|b KIS3GCP
|
| 958 |
|
|
|a NB
|
| 999 |
|
|
|c 1754483
|d 1756413
|